000 00428cam a22001812a 4500
001 003158
003 AR-FADEU
008 311216n1991####xxu####################dd
092 _aA861
_bD278
100 _aDe la Peña, Ana María
245 _aDesde mi atalaya humus y savia
260 _aBuenos Aires
260 _bOcruxaves
260 _c1991
300 _a53 p
650 _aLITERATURA ARGENTINA-POESIA
942 _cBDGR
999 _c8990
_d8990